Mathematical methods in chemical engineering (Record no. 25039)

000 -LEADER
fixed length control field 00548nam a22002051 4500
001 - CONTROL NUMBER
control field 25039
003 - CONTROL NUMBER IDENTIFIER
control field BD-DhUET
008 - FIXED-LENGTH DATA ELEMENTS--GENERAL INFORMATION
fixed length control field 730313s1963 xx 000 0 eng
040 ## - CATALOGING SOURCE
Original cataloging agency DLC
Transcribing agency OClU
Modifying agency BD-DhUET
082 ## - DEWEY DECIMAL CLASSIFICATION NUMBER
Classification number 660.28
Item number JEN/1963
100 ## - MAIN ENTRY--PERSONAL NAME
Personal name Jenson, V. G.
245 10 - TITLE STATEMENT
Title Mathematical methods in chemical engineering
250 ## - EDITION STATEMENT
Edition statement 1st ed.
260 ## - PUBLICATION, DISTRIBUTION, ETC. (IMPRINT)
Place of publication, distribution, etc. London
Name of publisher, distributor, etc. Academic Press
Date of publication, distribution, etc. 1963
300 ## - PHYSICAL DESCRIPTION
Extent xi, 556 p.
Other physical details illus.
Dimensions 24cm.
504 ## - BIBLIOGRAPHY, ETC. NOTE
Bibliography, etc Includes bibliographies
650 #0 - SUBJECT ADDED ENTRY--TOPICAL TERM
Topical term or geographic name as entry element Chemical engineering
700 ## - ADDED ENTRY--PERSONAL NAME
Personal name Jeffreys, G. V.
942 ## - ADDED ENTRY ELEMENTS (KOHA)
Koha item type General Book
Holdings
Not for loan Price effective from Koha date last seen Copy number Location (home branch) Piece designation (barcode) Damaged status Date acquired Source of classification or shelving scheme Koha full call number Shelving location Withdrawn status Lost status Sublocation or collection (holding branch) Koha normalized classification for sorting Koha item type
 2015-05-122015-05-121Central Library, BUET22438 2015-05-12 660.28/JEN/1963Circulation section  Central Library, BUET660_280000000000000_JEN_1963General Book
 2015-05-122015-05-122Central Library, BUET22440 2015-05-12 660.28/JEN/1963Circulation section  Central Library, BUET660_280000000000000_JEN_1963General Book
 2015-05-122015-05-123Central Library, BUET22434 2015-05-12 660.28/JEN/1963Circulation section  Central Library, BUET660_280000000000000_JEN_1963General Book
 2015-05-182015-05-184Central Library, BUET22432 2015-05-18 660.28/JEN/1963Circulation section  Central Library, BUET660_280000000000000_JEN_1963General Book
 2015-05-182015-05-185Central Library, BUET22435 2015-05-18 660.28/JEN/1963Circulation section  Central Library, BUET660_280000000000000_JEN_1963General Book
 2015-05-182015-05-186Central Library, BUET29450 2015-05-18 660.28/JEN/1963Circulation section  Central Library, BUET660_280000000000000_JEN_1963General Book
 2015-05-182015-05-187Central Library, BUET29449 2015-05-18 660.28/JEN/1963Circulation section  Central Library, BUET660_280000000000000_JEN_1963General Book
 2015-05-182015-05-188Central Library, BUET29448 2015-05-18 660.28/JEN/1963Circulation section  Central Library, BUET660_280000000000000_JEN_1963General Book
 2015-05-182015-05-189Central Library, BUET29457 2015-05-18 660.28/JEN/1963Circulation section  Central Library, BUET660_280000000000000_JEN_1963General Book
 2015-05-182015-05-1810Central Library, BUET29454 2015-05-18 660.28/JEN/1963Circulation section  Central Library, BUET660_280000000000000_JEN_1963General Book
 2015-05-182015-05-1811Central Library, BUET29453 2015-05-18 660.28/JEN/1963Circulation section  Central Library, BUET660_280000000000000_JEN_1963General Book
 2015-05-182015-05-1812Central Library, BUET29451 2015-05-18 660.28/JEN/1963Circulation section  Central Library, BUET660_280000000000000_JEN_1963General Book
 2015-05-182015-05-1813Central Library, BUET22431 2015-05-18 660.28/JEN/1963Circulation section  Central Library, BUET660_280000000000000_JEN_1963General Book
 2015-05-182015-05-1814Central Library, BUET29452 2015-05-18 660.28/JEN/1963Circulation section  Central Library, BUET660_280000000000000_JEN_1963General Book
 2015-05-182015-05-1815Central Library, BUET22436 2015-05-18 660.28/JEN/1963Circulation section  Central Library, BUET660_280000000000000_JEN_1963General Book
 2015-06-172015-06-1716Central Library, BUET29456 2015-06-17 660.28/JEN/1963Reading section  Central Library, BUET660_280000000000000_JEN_1963Reading Item
 2015-06-182015-06-1817Central Library, BUET29455. 2015-06-18 660.28/JEN/1963Reading section  Central Library, BUET660_280000000000000_JEN_1963Reading Item
 2015-07-102015-07-1018Central Library, BUET22439 2015-07-10 660.28/JEN/1963Reading section  Central Library, BUET660_280000000000000_JEN_1963Reading Item